000 00711nam a2200241Ia 4500
003 OSt
005 20221007072405.0
006 a|||||r|||| 00| 0
007 ta
008 221006b |||||||| |||| 00| 0 eng d
024 _a24,835
037 _cTextual
040 _aFLL
_cFLL
_beng
041 _2eng
_aeng
082 _aZ3:2, G8
100 _aBoraston J. H.
_9690570
245 0 _aProperty, settled land, trustee and administration acts and other recent acts affecting conveyancing, with commentaries
250 _a8th
260 _aLondon
_bStevens & Sons, Limited UK
_c1938
300 _acxxx,980p
_ccm.
942 _hZ3:2, G8
_cTEXL
_2CC
999 _c1145950
_d1145950